Normal view
MARC view
Entry Término temático
001 - NÚMERO DE CONTROL
- campo de control: 83056
003 - IDENTIFICADOR DEL NÚMERO DE CONTROL
- campo de control: DO-SdBNP
005 - FECHA Y HORA DE LA ÚLTIMA TRANSACCIÓN
- campo de control: 20230126104733.0
008 - DATOS DE LONGITUD FIJA
- campo de control de longitud fija: 230126|| aca||aabn | a|a d
040 ## - FUENTE DE LA CATALOGACIÓN
- Centro catalogador/agencia de origen: DO-SdBNP
- Centro/agencia transcriptor: DO-SdBNP
150 ## - ENCABEZAMIENTO--TÉRMINO DE MATERIA
- Término de materia o nombre geográfico como elemento de entrada: Bienes raices
- Subdivisión general: Legislación
- Subdivisión geográfica: República Dominicana
670 ## - FUENTE DE DATOS ENCONTRADOS
- Cita de la fuente: Work cat.: (DO-SdBNP)13176: República Dominicana. 447, Ley 108-05 de registro inmobiliario del 23-4-05 G.O. 10316 Mod. por la ley 51-07 :, 2006.
